The Law relating to al rahn in Islam : a comparative study of the operational of al rahn in Terengganu, Kelantan and Bank Rakyat /
Saved in:
| Main Author: | |
|---|---|
| Format: | Thesis |
| Language: | English |
| Published: |
Petaling Jaya :
International Islamic University Malaysia,
1995
|
| Subjects: | |
| Online Access: | Click here to view 1st 24 pages of the thesis. Members can view fulltext at the specified PCs in the library. |
| Tags: |
Add Tag
No Tags, Be the first to tag this record!
|
| LEADER | 019730000a22003610004500 | ||
|---|---|---|---|
| 001 | 120991 | ||
| 005 | 20100318094200.0 | ||
| 008 | 960809s1995 my 000 eng | ||
| 035 | |a 429604 | ||
| 035 | |a (Sirsi) 120991 | ||
| 040 | |a UIAM |b eng | ||
| 043 | |a a-my--- | ||
| 050 | 4 | |a BP158.6.N7 | |
| 100 | 0 | |a Wan Ab. Rahman Khudzri bin Wan Abdullah | |
| 245 | 1 | 4 | |a The Law relating to al rahn in Islam : |b a comparative study of the operational of al rahn in Terengganu, Kelantan and Bank Rakyat / |c Wan Ab. Rahman Khudzri bin Wan Abdullah |
| 260 | 1 | |a Petaling Jaya : |b International Islamic University Malaysia, |c 1995 | |
| 300 | |a xiii, 115 leaves ; |c 30 cm. | ||
| 500 | |a "Dissertation submitted in partial fulfilmentof the requirement for the award of the degree of Master of Comparative law (MCL)."--On t.p. | ||
| 502 | |a Thesis (M.C.L)--International Islamic Univerisity Malaysia, 1995 | ||
| 504 | |a Includes bibliographical references. | ||
| 596 | |a 1 | ||
| 650 | 0 | |a Pledges (Islamic law) | |
| 650 | 0 | |a Pledges (Law) |z Terengganu | |
| 650 | 0 | |a Pledges (Law) |z Kelantan | |
| 655 | 0 | 7 | |a Theses, IIUM local |
| 690 | 0 | |a Dissertations, Academic |x Ahmad Ibrahim Kulliyyah of Laws |z IIUM | |
| 710 | 2 | |a International Islamic University Malaysia. |b Ahmad Ibrahim Kulliyyah of Laws | |
| 856 | 4 | |u http://studentrepo.iium.edu.my/handle/123456789/1915 |z Click here to view 1st 24 pages of the thesis. Members can view fulltext at the specified PCs in the library. | |
| 900 | |a az-zai-ami-hm | ||
| 999 | |c 430890 |d 462381 | ||
| 952 | |0 0 |6 T BP 000158.6 N7W244L 1995 |7 0 |8 THESES |9 750411 |a IIUM |b IIUM |c MULTIMEDIA |g 0.00 |o t BP158.6N7W244L 1995 |p 00000429607 |r 2017-11-01 |t 1 |v 0.00 |y THESIS | ||
| 952 | |0 0 |6 TS CDF BP158.6N7W244L 1995 |7 0 |8 THESES |9 794574 |a IIUM |b IIUM |c MULTIMEDIA |g 0.00 |o ts cdf BP158.6N7W244L 1995 |p 11100325574 |r 2017-10-26 |t 1 |v 0.00 |y THESISDIG | ||
| 952 | |0 0 |6 T BP158.6P38W244L 1995 |7 0 |9 794575 |a IIUM |b IIUM |g 0.00 |o t BP158.6P38W244L 1995 |p 00010981644 |r 2017-10-17 |t 1 |v 0.00 |y BOOKSTRICT | ||
